书目信息 |
| 题名: |
我从这里走过
|
|
| 作者: | 汪志明, 著 | |
| 分册: | ||
| 出版信息: | 北京 中国建筑工业出版社 2017.10 |
|
| 页数: | 168页 | |
| 开本: | 19x26cm | |
| 丛书名: | ||
| 单 册: | ||
| 中图分类: | J221.8 | |
| 科图分类: | ||
| 主题词: | 绘画--hui hua--作品集--中国--现代 | |
| 电子资源: | ||
| ISBN: | 978-7-112-20725-1 | |
| 000 | 00935nam0 2200241 450 | |
| 001 | 0100001362 | |
| 005 | 20190306090150.63 | |
| 010 | @a978-7-112-20725-1@dCNY110.00 | |
| 100 | @a20171106d2017 em y0chiy50 ea | |
| 101 | 0 | @achi |
| 102 | @aCN@b110000 | |
| 105 | @aa z 000yy | |
| 200 | 1 | @a我从这里走过@Awo cong zhe li zou guo@e汪志明画集@f汪志明著 |
| 210 | @a北京@c中国建筑工业出版社@d2017.10 | |
| 215 | @a168页@c图 (部分彩图)@d19x26cm | |
| 314 | @a汪志明, 中国城市规划设计研究院原副总规划师等职。 | |
| 330 | @a本书是一本城市规划设计师的画集, 内容涵盖铅笔画、硬笔画、水彩画、水粉画等。全书共150幅图, 具有包括从桂林开始、西藏情结、匆匆走过的地方、回忆与畅想、出游散记、广通苑闲趣等画作。 | |
| 517 | 1 | @a汪志明画集@Awang zhi ming hua ji |
| 606 | 0 | @a绘画@Ahui hua@x作品集@y中国@z现代 |
| 690 | @aJ221.8@v5 | |
| 701 | 0 | @a汪志明,@Awang zhi ming@f1935-@4著 |
| 801 | 0 | @aCN@c20180910 |
| 905 | @a河南城建学院图书馆@dJ221.8@eW084 | |
| 我从这里走过:汪志明画集/汪志明著.-北京:中国建筑工业出版社,2017.10 |
| 168页:图 (部分彩图);19x26cm |
| ISBN 978-7-112-20725-1:CNY110.00 |
| 本书是一本城市规划设计师的画集, 内容涵盖铅笔画、硬笔画、水彩画、水粉画等。全书共150幅图, 具有包括从桂林开始、西藏情结、匆匆走过的地方、回忆与畅想、出游散记、广通苑闲趣等画作。 |
| ● |
| 相关链接 |
|
|
|
正题名:我从这里走过
索取号:J221.8/W084
 
预约/预借
| 序号 | 登录号 | 条形码 | 馆藏地/架位号 | 状态 | 备注 |
| 1 | 1304779 | 213047790 | 社科库309/309社科库 74排4列2层/ [索取号:J221.8/W084] | 在馆 | |
| 2 | 1400146 | 214001462 | 社科库309/309社科库 74排4列2层/ [索取号:J221.8/W084] | 在馆 |